[Event "GER-ch U16 Girls"]
[Site "Magdeburg"]
[Date "2014.06.11"]
[Round "6"]
[White "Denk, Corinna"]
[Black "Titgemeyer, Eva Maria"]
[Result "0-1"]
[WhiteElo "1221"]
[BlackElo "1610"]
[PlyCount "78"]
[EventDate "2014.06.08"]
[EventType "swiss"]
[EventRounds "9"]
[EventCountry "GER"]
[SourceTitle "CBM 160 Extra"]
[Source "ChessBase"]
[SourceDate "2014.07.01"]
[SourceVersion "1"]
[SourceVersionDate "2014.07.01"]
[SourceQuality "1"]

1. e4 e5 2. Nf3 Nc6 3. Bc4 Nf6 4. d3 Be7 5. Be3 d6 6. Nbd2 Na5 7. Bb3 Nxb3 8. Nxb3 0-0 9. Qe2 a5 10. h3 Kh8 11. g4 Be6 12. Nbd2 b5 13. Ng5 Bd7 14. 0-0-0 h6 15. Ngf3 Be6 16. Kb1 c5 17. g5 hxg5 18. Nxg5 a4 19. Nxe6 fxe6 20. Rdg1 a3 21. b3 Qa5 22. c4 Qc3 23. Nf3 bxc4 24. Qd2 Qxd3+ 25. Qxd3 cxd3 26. Ng5 Rab8 27. Rc1 Rb4 28. Bd2 Nxe4 29. Bxb4 Bxg5 30. Rce1 cxb4 31. Rxe4 Rxf2 32. Ree1 Rb2+ 33. Ka1 e4 34. Rb1 Bf6 35. Rxb2 axb2+ 36. Kb1 e3 37. Rd1 e2 38. Rxd3 e1Q+ 39. Kc2 Qc1# 0-1

[Event "GER-ch U16 Girls"]
[Site "Magdeburg"]
[Date "2014.06.10"]
[Round "4"]
[White "Hartmann, Jasmin"]
[Black "Denk, Corinna"]
[Result "0-1"]
[WhiteElo "1329"]
[BlackElo "1221"]
[PlyCount "60"]
[EventDate "2014.06.08"]
[EventType "swiss"]
[EventRounds "9"]
[EventCountry "GER"]
[SourceTitle "CBM 160 Extra"]
[Source "ChessBase"]
[SourceDate "2014.07.01"]
[SourceVersion "1"]
[SourceVersionDate "2014.07.01"]
[SourceQuality "1"]

1. e4 e5 2. Nf3 d6 3. Bc4 Be7 4. c3 Bg4 5. d4 Nc6 6. Qb3 Bxf3 7. Bxf7+ Kf8 8. gxf3 exd4 9. Rg1 Ne5 10. Bh5 Nf6 11. cxd4 Nxh5 12. dxe5 b6 13. e6 Nf6 14. f4 Nxe4 15. Qf3 Nc5 16. Qg4 Bf6 17. Nc3 h5 18. Qg2 Nxe6 19. Nd5 Qe8 20. Nxf6 gxf6 21. f5 Nf4+ 22. Be3 Nxg2+ 23. Rxg2 Rg8 24. Rxg8+ Kxg8 25. 0-0-0 Qe5 26. Rg1+ Kf7 27. Bh6 Qxf5 28. Rg7+ Ke6 29. Rg3 Qxf2 30. Re3+ Kf7 0-1

[Event "GER-ch U16 Girls"]
[Site "Magdeburg"]
[Date "2014.06.09"]
[Round "3"]
[White "Denk, Corinna"]
[Black "Schmid, Katharina"]
[Result "1/2-1/2"]
[WhiteElo "1221"]
[BlackElo "1413"]
[PlyCount "89"]
[EventDate "2014.06.08"]
[EventType "swiss"]
[EventRounds "9"]
[EventCountry "GER"]
[SourceTitle "CBM 160 Extra"]
[Source "ChessBase"]
[SourceDate "2014.07.01"]
[SourceVersion "1"]
[SourceVersionDate "2014.07.01"]
[SourceQuality "1"]

1. e4 e5 2. Nf3 Nc6 3. Bc4 Nf6 4. d3 Bc5 5. Bg5 d6 6. h3 h6 7. Bh4 g5 8. Nxg5 hxg5 9. Bxg5 Bxf2+ 10. Kxf2 Nxe4+ 11. dxe4 Qxg5 12. Qf3 f5 13. Bd3 Rf8 14. h4 Qg6 15. Kg1 Nd4 16. Qe3 Rg8 17. Rh2 Qg4 18. Nd2 f4 19. Qf2 Be6 20. c3 Nc6 21. Be2 Qg6 22. h5 Qf6 23. h6 0-0-0 24. h7 Rh8 25. g3 Rd7 26. gxf4 Qxf4 27. Qxf4 exf4 28. Nf3 Rg7+ 29. Kf2 Ne5 30. Nxe5 dxe5 31. Rh6 Rgxh7 32. Rxe6 Rh2+ 33. Kf3 R8h3+ 34. Kg4 Rg3+ 35. Kf5 Rxe2 36. Rxe5 Rxb2 37. Kxf4 Rgg2 38. Rd1 Rgf2+ 39. Kg3 Rf8 40. Rf5 Rg8+ 41. Kf3 Rbg2 42. Ke3 R2g3+ 43. Rf3 R3g5 44. Rf5 Rg3+ 45. Rf3 1/2-1/2